Introduction to mathematics of satisfiability (Record no. 11014)

000 -LEADER
fixed length control field 00703 a2200205 4500
020 ## - INTERNATIONAL STANDARD BOOK NUMBER
International Standard Book Number 9781439801673
020 ## - INTERNATIONAL STANDARD BOOK NUMBER
International Standard Book Number 1439801673
040 ## - CATALOGING SOURCE
Original cataloging agency DLC
082 ## - DEWEY DECIMAL CLASSIFICATION NUMBER
Classification number 511.3
100 ## - MAIN ENTRY--PERSONAL NAME
Personal name Marek, W. Viktor
245 10 - TITLE STATEMENT
Title Introduction to mathematics of satisfiability
Statement of responsibility, etc. Victor W. Marek.
260 ## - PUBLICATION, DISTRIBUTION, ETC.
Place of publication, distribution, etc. Boca Raton :
Name of publisher, distributor, etc. CRC Press,
Date of publication, distribution, etc. c2009.
300 ## - PHYSICAL DESCRIPTION
Extent xiii, 350 p. :
Other physical details ill. ;
Dimensions 25 cm.
490 1# - SERIES STATEMENT
Series statement Chapman & Hall/CRC studies in informatics series.
538 ## - SYSTEM DETAILS NOTE
System details note System requirements: Internet connectivity; World Wide Web browser.
650 #0 - SUBJECT ADDED ENTRY--TOPICAL TERM
Topical term or geographic name entry element Propositional calculus.
650 #0 - SUBJECT ADDED ENTRY--TOPICAL TERM
Topical term or geographic name entry element Logic, Symbolic and mathematical.
830 #0 - SERIES ADDED ENTRY--UNIFORM TITLE
Uniform title Chapman & Hall/CRC studies in informatics series.
942 ## - ADDED ENTRY ELEMENTS (KOHA)
Koha item type Book
Call number prefix 511.3 MAR
Source of classification or shelving scheme
Holdings
Withdrawn status Lost status Damaged status Not for loan Collection code Permanent Location Current Location Shelving location Date acquired Source of acquisition Cost, normal purchase price Total Checkouts Full call number Barcode Date last seen Price effective from Koha item type
          Central Library (CL) Central Library (CL) General Stacks 07/13/2012 A&J DEF TEK Consultants 6265.00   511.3 MAR SEECS011444 11/14/2012 01/05/2017 Book
© 2023 Central Library, National University of Sciences and Technology. All Rights Reserved.